Statistiques concernant Maps d'Overwatch 2

Cliquez ici pour prendre le quiz!

Statistiques générales

  • Ce quiz a été pris 169 fois
    (146 depuis la dernière actualisation)
  • Le résultat moyen est 14 sur 27

Statistiques - réponses

MapsType de quizLocalisation% Correct
IlliosContrôleGrèce
81%
JunkertownEscorteAustralie
77%
Route 66EscorteÉtats-Unis
76%
BusanContrôleCorée du Sud
74%
King's RowHybrideRoyaume-Uni
70%
Tour de LijiangContrôleChine
70%
NumbaniHybrideNigeria (fictif)
66%
La HavaneEscorteCuba
65%
NépalContrôle*****
65%
Circuit RoyalEscorteMonaco
61%
DoradoEscorteMexique
61%
RialtoEscorteItalie
58%
ColosseoAvancéeItalie
52%
Observatoire : GibraltarEscorte*********
51%
OasisContrôleIrak
49%
New Queen StreetAvancéeCanada
46%
HollywoodHybrideÉtats-Unis
45%
ParaisoHybrideBrésil
45%
EichenwaldeHybrideAllemagne
44%
EsperançaAvancéePortugal
44%
Monastère ShambaliEscorteNépal
41%
MidtownHybrideÉtats-Unis
40%
Blizzard WorldHybrideÉtats-Unis
33%
New Junk CityPoint ChaudAustralie
33%
SuravasaPoint ChaudInde
33%
Péninsule AntarctiqueContrôle***********
29%
SamoaContrôle*****
29%

Distribution des résultats

Percentile par nombre de réponses

% des personnes avec chaque résultat

Votre développement - résultats

Vous n’avez pas pris ce quiz depuis la dernière actualisation